Constitutional law : (Record no. 112702)

MARC details
000 -LEADER
campo de control de longitud fija 02489cam a2200385 i 4500
003 - IDENTIFICADOR DE NÚMERO DE CONTROL
campo de control BJBSDDR
005 - FECHA Y HORA DE LA ÚLTIMA TRANSACCIÓN
campo de control 20230411090119.0
007 - CAMPO FIJO DE DESCRIPCIÓN FÍSICA--INFORMACIÓN GENERAL
campo de control de longitud fija ta
008 - DATOS DE LONGITUD FIJA--INFORMACIÓN GENERAL
campo de control de longitud fija 150227s2015 nyu 000 0 eng
020 ## - NÚMERO INTERNACIONAL ESTÁNDAR DEL LIBRO
Número Internacional Estándar del Libro 9781454849476 (pbk)
020 ## - NÚMERO INTERNACIONAL ESTÁNDAR DEL LIBRO
Número Internacional Estándar del Libro 1454849479
040 ## - FUENTE DE CATALOGACIÓN
Centro catalogador/agencia de origen DLC
Lengua de catalogación spa
Centro/agencia transcriptor DLC
041 ## - CÓDIGO DE IDIOMA
Código de lengua del texto/banda sonora o título independiente eng
042 ## - CÓDIGO DE AUTENTICACIÓN
Código de autenticación pcc
043 ## - CÓDIGO DE ÁREA GEOGRÁFICA
Código de área geográfica n-us---
050 14 - SIGNATURA TOPOGRÁFICA DE LA BIBLIOTECA DEL CONGRESO
Número de clasificación KF 4550
Número de ítem C517c 2015
082 00 - NÚMERO DE LA CLASIFICACIÓN DECIMAL DEWEY
Número de clasificación 342.73
Número de edición 23
100 1# - ENTRADA PRINCIPAL--NOMBRE DE PERSONA
Nombre de persona Chemerinsky, Erwin
Término indicativo de función/relación author.
Fechas asociadas al nombre 1953-
245 10 - MENCIÓN DEL TÍTULO
Título Constitutional law :
Resto del título principles and policies /
Mención de responsabilidad, etc. Erwin Chemerinsky, Dean, and Distinguished Professor of Law, Raymond Pryke Professor of First Amendment Law University of California, Irvine School of Law.
250 ## - MENCION DE EDICION
Mención de edición Fifth Edition.
264 #1 - PRODUCCIÓN, PUBLICACIÓN, DISTRIBUCIÓN, FABRICACIÓN Y COPYRIGHT
Producción, publicación, distribución, fabricación y copyright New York :
Nombre del de productor, editor, distribuidor, fabricante Wolters Kluwer,
Fecha de producción, publicación, distribución, fabricación o copyright 2015.
300 ## - DESCRIPCIÓN FÍSICA
Extensión xxvi, 1439 pages ;
Dimensiones 26 cm.
336 ## - TIPO DE CONTENIDO
Término de tipo de contenido text
Fuente rdacontent
337 ## - TIPO DE MEDIO
Nombre/término del tipo de medio unmediated
Fuente rdamedia
338 ## - TIPO DE SOPORTE
Nombre/término del tipo de soporte volume
Fuente rdacarrier
440 ## - MENCIÓN DE SERIE/PUNTO DE ACCESO ADICIONAL--TÍTULO
Título Aspen Student treatise series
504 ## - NOTA DE BIBLIOGRAFÍA, ETC.
Nota de bibliografía, etc. Includes bibliographical references and index.
505 0# - NOTA DE CONTENIDO CON FORMATO
Nota de contenido con formato Historical background and contemporary themes -- The federal judicial power -- The federal legislativce power -- The federal executive power -- Limits on state regulatory and taxing power -- The structure of the Constitution's protection of civil rights and civil liberties -- Procedural due process -- Economic liberties -- Equal protection -- Fundamental rights -- First Amendment : expression -- First Amendment : religion.
520 ## - RESUMEN, ETC.
Sumario, etc. Relied on by students, professors, and practitioners, Erwin Chemerinsky s popular treatise clearly states the law and identifies the underlying policy issues in each area of constitutional law. Thorough coverage of the topic makes it appropriate for both beginning and advanced courses.<br/>This new, Fifth Edition features updated material throughout, including:<br/>Significant attention given to developments in law since publication of previous edition<br/>New material on standing, congressional power, presidential power and the war on terror; preemption, school desegregation; abortion rights and voting rights<br/>Covers First Amendment issues concerning speech and religion.Includes recent and significant cases: Hein v. Freedom from Religion Foundation; Boumediene v. Bush; Hamdan v. Rumsfeld; Wyeth v. Levine; Philip Morris USA v. Williams.
650 #0 - PUNTO DE ACCESO ADICIONAL DE MATERIA--TÉRMINO DE MATERIA
Término de materia o nombre geográfico como elemento de entrada Constitutional law
Subdivisión geográfica United States.
650 #4 - PUNTO DE ACCESO ADICIONAL DE MATERIA--TÉRMINO DE MATERIA
Término de materia o nombre geográfico como elemento de entrada Derecho constitucional
Subdivisión geográfica Estados Unidos
9 (RLIN) 7454
655 #7 - TERMINO DE INDIZACIÓN--GENERO/FORMA
Datos o término principal de género/forma Textbooks.
Fuente del término lcgft
942 ## - ELEMENTOS DE ENTRADA SECUNDARIOS (KOHA)
Fuente del sistema de clasificación o colocación Clasificación de Library of Congress
Tipo de ítem Koha Libro
946 ## - PROCESAMIENTO DE INFORMACIÓN LOCAL (OCLC)
Iniciales del agente catalogador SH
Holdings
Estatus retirado Estado de pérdida Estado de daño No para préstamo Colección Biblioteca de origen Biblioteca actual Ubicación en estantería Fecha de adquisición Signatura topográfica completa Código de barras Visto por última vez Copia número Tipo de ítem Koha
        Ciencias Sociales Biblioteca Juan Bosch Biblioteca Juan Bosch Ciencias Sociales (3er. Piso) 31/05/2019 KF 4550 C517c 2015 00000122391 31/05/2019 1 Libro